Statistiques concernant Écrivains français célèbres

Cliquez ici pour prendre le quiz!

Statistiques générales

  • Ce quiz a été pris 1 067 fois
  • Le résultat moyen est 26 sur 38

Statistiques - réponses

ŒuvresÉcrivain% Correct
Notre-Dame de Paris, Les MisérablesVictor Hugo
97%
La Peste, L'ÉtrangerAlbert Camus
92%
Les Fleurs du mal, Le Spleen de ParisCharles Baudelaire
92%
Le Bourgeois gentilhomme, Les Femmes savantesMolière
92%
Les Rougon-Macquart, Thérèse RaquinÉmile Zola
88%
Candide, MicromégasVoltaire
88%
Fables, ContesJean de La Fontaine
87%
Les Trois Mousquetaires, Le Comte de Monte-CristoAlexandre Dumas
86%
Vingt mille lieues sous les mers, Le Tour du monde en quatre-vingt joursJules Verne
86%
La Chartreuse de Parme, Le Rouge et le NoirStendhal
85%
Le Cid, ŒdipePierre Corneille
82%
Madame Bovary, L'Éducation sentimentaleGustave Flaubert
81%
Boule de suif, Le HorlaGuy de Maupassant
81%
L'Encyclopédie, Jacques le FatalisteDenis Diderot
80%
Les Confessions, Du contrat socialJean-Jacques Rousseau
79%
La Peau de chagrin, Le Père GoriotHonoré de Balzac
78%
La Gloire de mon père, Le Château de ma mèreMarcel Pagnol
77%
Phèdre, BéréniceJean Racine
73%
De l'esprit des lois, Lettres persanesMontesquieu
73%
Du côté de chez Swann, À l'ombre des jeunes filles en fleursMarcel Proust
69%
Pantagruel, GargantuaFrançois Rabelais
68%
Mémoires d'outre-tombe, RenéFrançois-René de Chateaubriand
66%
L'Être et le Néant, Huis closJean-Paul Sartre
66%
EssaisMichel de Montaigne
64%
Discours de la méthode, Règles pour la direction de l'espritRené Descartes
64%
Alcools, Poèmes à LouGuillaume Apollinaire
62%
Le Deuxième Sexe, Les MandarinsSimone de Beauvoir
62%
Le Petit Chose, Lettres de mon moulinAlphonse Daudet
59%
Le Barbier de Séville, Le Mariage de FigaroBeaumarchais
56%
Une saison en enfer, Poésies complètesArthur Rimbaud
54%
Un barrage contre le Pacifique, Hiroshima mon amourMarguerite Duras
43%
Les Caprices de Marianne, LorenzaccioAlfred de Musset
42%
Sagesse, Jadis et NaguèrePaul Verlaine
39%
Manifeste du surréalisme, L'Amour fouAndré Breton
35%
Indiana, Lettres d'un voyageurGeorge Sand
32%
Les Particules élémentaires, Extension du domaine de la lutteMichel Houellebecq
30%
Le Roman de la momie, Le Capitaine FracasseThéophile Gautier
30%
Les Filles du feu, Aurélia ou le Rêve et la VieGérard de Nerval
21%

Distribution des résultats

Percentile par nombre de réponses

% des personnes avec chaque résultat

Votre développement - résultats

Vous n’avez pas pris ce quiz